Musiques sorties en 2022 - Statistiques

Statistiques générales
  • Ce quiz a été pris 352 fois
  • Le résultat moyen est 13 sur 30
Statistiques - réponses
Hint Réponse % Correct
"As It Was" Harry Styles
88%
"Dégaine" Aya Nakamura/Damso
72%
"Suavemente" Soolking
71%
"Die" Gazo
65%
"Fade Up" Zeg P/Hamza/SCH
63%
"AMBER" Zola
57%
"I'm Good (Blue)" David Guetta/Bebe Rexha
55%
"CP_009_ Évidemment" Orelsan/Angèle
55%
"Meuda" Tiakola
55%
"L'Enfer" Stromae
52%
"Creepin'" Metro Boomin/The Weeknd/21 Savage
50%
"Unholy" Sam Smith/Kim Petras
49%
"Decrescendo" Lomepal
46%
"Sacrifice" The Weeknd
45%
"Calm Down" Rema/Selena Gomez
43%
"Tout va bien" Alonzo/Ninho/Naps
41%
"Anti-Hero" Taylor Swift
41%
"J’ai tout su" Jul
40%
"Kill Bill" SZA
40%
"Cuff It" Beyoncé
38%
"I Ain’t Worried" OneRepublic
34%
"Lift Me Up" Rihanna
33%
"Doja" Central Cee
31%
"La goffa Lolita" La Petite Culotte
30%
"Chop" Fresh Lapeufra
22%
"Bam Bam" Camila Cabello/Ed Sheeran
21%
"Bizcochito" Rosalía
20%
"Coco" Lorenzo
13%
"Hold Me Closer" Elton John/Britney Spears
11%
"Rallumer les étoiles" Mylène Farmer
4%
Aucun quiz correspondant
Distribution des résultats
% des personnes avec chaque résultat
Percentile par nombre de réponses
Votre historique - résultats
Vous n’avez pas pris ce quiz